00473nam a2200145Ia 4500008004100000082001000041100001200051245004000063260002600103630004000129730004000169942000900209999001900218952009000237100328s9999 xx 000 0 und d b54760 aPavitra aEducation and the Aim of Human Life bSri Aurobindo Society aEducation and the Aim of Human Life aEducation and the Aim of Human Life cBOOK c541475d541472 00104070aRNVbRNVd2010-03-28l0pRNV-54760r2010-03-28 00:00:00w2010-03-28yBOOK